U.S. National Parks larger than Rhode Island - Statistics

General Stats
  • This quiz has been taken 23 times
  • The average score is 5 of 12
Answer Stats
Size (sq km) National Park % Correct
8,983 Yellowstone
91%
19,186 Denali
68%
13,793 Death Valley
64%
4,863 Grand Canyon
55%
4,100 Glacier
45%
30,448 Gates of the Arctic
41%
6,107 Everglades
36%
33,683 Wrangell-St. Elias
32%
14,870 Katmai
27%
13,045 Glacier Bay
23%
10,602 Lake Clark
23%
7,085 Kobuk Valley
18%
No matching quizzes found
Score Distribution
Percent of People with Each Score
Percentile by Number Answered
Your Score History
You have not taken this quiz